5 to 1: Solar System Quiz Stats

Quiz Updated Mar 30, 2018

Also try: 5 to 1: Colors
Challenge
Share
Tweet
Embed
Score 0/15 Timer 03:00
15 Plays Today
% Correct
Jupiter
92.4%
Sun
90.6%
Mars
89.2%
Saturn
88%
Europa
87.7%
Mercury
87.3%
Venus
85.7%
Neptune
84.9%
% Correct
Callisto
84.1%
Uranus
83.7%
Titan
82.9%
Ganymede
81.6%
Oberon
75.7%
Vesta
73.1%
Pallas
71%

You're not logged in!

Compare scores with friends on all Sporcle quizzes.
Sign Up with Email
OR
Log In

You Might Also Like...

Show Comments

Extras

Top Quizzes Today


Score Distribution

Your Account Isn't Verified!

In order to create a playlist on Sporcle, you need to verify the email address you used during registration. Go to your Sporcle Settings to finish the process.

Report this User

Report this user for behavior that violates our Community Guidelines.

Details: